000 00503nam a2200193 a 4500
001 1767946523907
003 YourLibrary
005 20260110115633.0
008 260109s2009##################000#0#eng##
020 _a9781847200723
082 0 4 _a302
_bBAR
100 1 _aBartkus, Viva Ona,
_eauthor.
245 1 0 _aSocial Capital :
260 _bEdward Elgar Publishing,
_c2009.
300 _a392 pages
650 0 _aBusiness & Economics.
942 _cENGLISH
040 _aYourLibrary
_beng
_cYourLibrary
999 _c608065
_d608065